Doberman aristokrat medzi psami

Bibliographic Details
Main Author: Ballay, Erik (Author)
Format: Article
Language:Slovak
PhysicalDescription:Fotogr.
ISSN:1335-9932
Subjects:

MARC

LEADER 00000nab a2200000 ar4500
001 vtls008423655
003 SK-MaSNL
005 20260304002000.0
008 060112c2005 xo mr|p|||||||000 b|slo
015 |a SNBRB2006/01  |2 snkbucl 
038 |a SNKBUCL 
040 |a SNKBUCL  |b slo  |c SNKBUCL  |e AACR2 
041 0 |a slo 
044 |a xo  |c SK 
080 |a 636.7.082.1  |2 UDC-MRF-SK2 
080 |a 636.74  |2 UDC-MRF-SK2 
100 1 |a Ballay, Erik  |4 aut  |9 843924 
245 1 0 |a Doberman aristokrat medzi psami  |c Erik Ballay 
300 |b Fotogr. 
650 0 7 |a psy  |2 snkbucl  |9 1288 
650 0 7 |a plemená zvierat  |2 snkbucl  |9 4381 
650 0 7 |a doberman  |2 snkbucl  |9 81454 
773 0 |t Magazín chovateľa  |g Roč. [4], č. 9 (2005), s. 24-25  |x 1335-9932 
852 |a SNK  |b KIS3GCP 
999 |c 2539713  |d 2541643